000 00238nam a2200097Ia 4500
001 659824
005 20250826160102.0
008 250824s9999 xx 000 0 und d
245 0 _aBay Endişe
_cHolly L. Niner
260 _bTÜBİTAK YAYINLARI
999 _c659824
_d659824